000 00289nam a2200109 4500
008 b xx# fre u
040 _aLB-BrCRDP
082 1 _a796.07
_bDUR
245 1 2 _aL'enfant et le sport
_cMarc Durand
942 _cBK
999 _c9545
_d9545